| 000 | 00525nam a2200193Ia 4500 | ||
|---|---|---|---|
| 003 | OSt | ||
| 005 | 20201109110837.0 | ||
| 008 | 190216s9999||||xx |||||||||||||| ||und|| | ||
| 020 | _a9788131718858 | ||
| 040 | _coclc | ||
| 082 |
_a546 _bMIE/I |
||
| 100 |
_aMiessler, Gary L _94154 |
||
| 245 | 0 |
_aInorganic Chemistry / _cGary L Miessler ; Donald A Tarr |
|
| 250 | _a3rd Ed. | ||
| 260 |
_bPearson, _c2008. _aDelhi: |
||
| 300 | _a740p | ||
| 650 | _aChemistry | ||
| 942 |
_cBK _2ddc _h546 _iMIE/I _k546 _mMIE/I |
||
| 999 |
_c3806 _d3806 |
||